Saint Lucia [ simply beautiful

Bibliographic Details
Format: Book
Published: Saint Lucia : DSP , n.d
Subjects:

MARC

LEADER 00000cam a2200000 7i4500
001 0000017637
005 20061205.0
040 |a INS 
090 0 0 |a F2100 
245 0 0 |a Saint Lucia [  |h video recording] :   |b simply beautiful 
260 |a Saint Lucia :   |b DSP ,   |c n.d 
300 |a 1 Video cassette (VHS) (0:07) :   |b sd.,col ;   |c 1/2 in. 
650 0 0 |a Saint Lucia   |x Description and travel 
999 |a VHS655   |b VIDEO   |c Media Collection   |e Default branch